000 00333nam a2200133Ia 4500
008 240624s9999 xx 000 0 und d
041 _aeng
082 _a343.052 DUN
100 _aDUN
245 _aFOREIGN EXCHANGE MARKETS
260 _c2008
_aNew Delhi
_bTata McGraw- Hill
300 _aix, : 145 : p. : cm. ; 23
365 _cRS
_b20
999 _c16012
_d16012